000
00212nam a2200097Ia 4500
008
240331s9999 xx 000 0 und d
082
_a
230
_b
FRM
100
_a
Logo. ed
245
0
_a
Fr.Mike and His Thought
942
_c
L
999
_c
819
_d
819